Quizzes
Events
Quiz Creation
Community
Videos
Private Events
Remove Ads
Sign In
Join for FREE
Feedback
Dark Mode
Quiz Categories
Sports
Geography
Music
Movies
Television
Just For Fun
Miscellaneous
History
Literature
Language
Science
Gaming
Entertainment
Religion
Holiday
For Kids
Quiz Lab
Recent
Popular Today
Quiz Kudos Today
Editor Picks
Curator Picks
Quizzes by...
Day
Popularity
Type
Ratings
Length
Year
Community
Subscriptions
Recent Discussions
Orange Saloon
Badges
Playlists
Quests
Create
Leaderboards
Showdown
Live 5
Trivia Bingo
Activity
Puzzle Library
Sporcle Events
Private Events
Virtual Trivia
Globe League
Become a Host
Pub Owners
SporcleCon
Opinionation
Our Games
Videos
Blog
Mobile Apps
Partnerships
Remove Ads and Go Orange
Feedback
Sports
Athletes
MLB
NBA
NHL
NFL
Soccer
Sports Teams
WWE
NCAA
Football
Premier League
Basketball
Baseball
Hockey
Golf
Tennis
Cricket
Rugby
Auto Racing
Olympics
World Cup
Sports
Athletes
MLB
NBA
NHL
NFL
Soccer
Sports Teams
WWE
NCAA
Football
Premier League
Basketball
Baseball
Hockey
Golf
Tennis
Cricket
Rugby
Auto Racing
Olympics
World Cup
Random Quiz
Search Sporcle
×
Quiz Lab
Quiz Lab
Sports
Clickable
Select answers by clicking on text or image buttons
Select answers by clicking on text or image buttons
Clickable
Best Score? Go Orange.
2010s NFL Quarterback Colleges Stats
Can you name match the quarterbacks who started an NFL game in the 2010s with their college teams?
By
commiesmasher
20m
159 Questions
773 Plays
773 Plays
773 Plays
Comments
Comments
Give Quiz Kudos
Give Quiz Kudos
-
- Ratings
hide this ad
Replay
Link that replays current quiz
Next Quiz
Link to next quiz in quiz playlist
You Got
0%
They Got
Avg Score
53%
Avg Friend Score
Upgrade to see
Score Distribution
Jump to the score distribution portion of the page
Score
0/159
Timer
20:00
1
Play Today
% Correct
Aaron Rodgers
95.2%
Baker Mayfield
95%
Cam Newton
92.8%
Andrew Luck
92.1%
A.J. McCarron
91.7%
Deshaun Watson
91.6%
Tom Brady
91.6%
Lamar Jackson
91.3%
Johnny Manziel
90.3%
Patrick Mahomes
90%
Marcus Mariota
90%
Jameis Winston
89.8%
Kyler Murray
89.4%
Peyton Manning
89%
Robert Griffin III
88.9%
Tim Tebow
88.9%
Russell Wilson
88.7%
Carson Wentz
88.6%
Drew Brees
88%
Sam Darnold
87.7%
Dwayne Haskins
87.7%
Ben Roethlisberger
86.8%
Daniel Jones
86.7%
Josh Allen
86.4%
Mitchell Trubisky
86.4%
Jared Goff
86.3%
Eli Manning
86.2%
Dak Prescott
86%
Matthew Stafford
85.9%
Matt Ryan
85%
Kirk Cousins
84.2%
Vince Young
83.8%
Andy Dalton
83.7%
Josh Rosen
83.6%
Derek Carr
83.3%
Ryan Fitzpatrick
82.8%
Michael Vick
82.7%
Teddy Bridgewater
81.5%
Colt McCoy
81.4%
Sam Bradford
80.9%
Mark Sanchez
80.6%
Alex Smith
79.6%
DeShone Kizer
79.4%
Matt Leinart
78.9%
Blake Bortles
78.8%
Ryan Tannehill
78.8%
Drew Lock
78.5%
Colin Kaepernick
76.7%
Carson Palmer
76.6%
Matt Barkley
76.5%
Gardner Minshew
75%
Will Grier
75%
Terrelle Pryor
73.9%
% Correct
Joe Flacco
72.4%
Phillip Rivers
72.3%
Jimmy Garoppolo
72.3%
Geno Smith
72.2%
Mason Rudolph
68.6%
Brett Favre
67.4%
EJ Manuel
67.1%
Case Keenum
66.5%
Tony Romo
66%
Brady Quinn
65.8%
Tyrod Taylor
65.2%
Jay Cutler
64.4%
Brandon Weeden
64.3%
Paxton Lynch
63.5%
Zach Mettenberger
63.5%
Jimmy Clausen
62.4%
Nick Foles
62.1%
Blaine Gabbert
61.7%
Kellen Moore
60.8%
Jake Locker
60.4%
Brett Hundley
60.2%
Christian Ponder
60.2%
Bryce Petty
59.1%
Jacoby Brissett
58.9%
Landry Jones
58.2%
Donovan McNabb
57.7%
Troy Smith
56.3%
Greg McElroy
55.9%
CJ Beathard
55.8%
Nathan Peterman
53.6%
Brock Osweiler
52.9%
Chad Henne
52.3%
Cody Kessler
50.8%
Ryan Mallett
49.5%
Matt Cassel
49.3%
Luke Falk
48.4%
Chase Daniel
48.1%
Kevin Hogan
45.8%
Mike Glennon
43.5%
Josh Freeman
43.3%
Ryan Finley
43.2%
Chad Pennington
42.2%
Dennis Dixon
41.4%
Connor Shaw
40.5%
Trevor Siemian
40.2%
Byron Leftwich
40%
Rex Grossman
39.5%
Brian Hoyer
39.3%
Sean Mannion
38.9%
Matt Schaub
38.2%
Matt McGloin
37.8%
Nick Mullens
37.6%
David Blough
37.5%
% Correct
Matt Flynn
37.4%
Jason Campbell
37.1%
Brandon Allen
37%
Drew Stanton
36.2%
Tom Savage
35.4%
Matt Hasselbeck
34%
Jeff Driskel
33.9%
Scott Tolzien
33.5%
Taylor Heinicke
32.5%
Curtis Painter
30.9%
Kyle Orton
30.3%
Brian Brohm
30.3%
Kerry Collins
29.2%
Dan Orlovsky
28.5%
Kevin Kolb
27.8%
Devlin Hodges
27%
Kyle Allen
26.9%
T.J. Yates
26.1%
Brodie Croyle
24.7%
Josh McCown
23%
Charlie Whitehurst
21.6%
Kellen Clemens
20.8%
Derek Anderson
20.4%
David Garrard
19.8%
Tarvaris Jackson
19.7%
Seneca Wallace
18.6%
Tyler Palko
18%
Joe Webb
17.6%
Max Hall
17.5%
John Beck
17.5%
Trent Edwards
17.2%
Matt Moore
17.2%
Stephen McGee
16.8%
Kyle Boller
16.6%
Thaddeus Lewis
16.4%
Bruce Gradkowski
16.4%
Austin Davis
16.3%
Josh Johnson
16.3%
Charlie Batch
15.4%
John Skelton
15%
Jeff Tuel
14.7%
Brian St. Pierre
14.6%
Ryan Lindley
14.1%
Shaun Hill
14%
A.J. Feeley
12.7%
Jake Delhomme
12.3%
Todd Collins
11.9%
Jon Kitna
11.8%
Luke McCown
11.5%
Tyler Thigpen
11.3%
Caleb Hanie
10.9%
Rusty Smith
9.4%
Todd Bouman
7.9%
Quiz Playlist
Details
Report
Send in Message
Add To Playlist
Clickable:
Select answers by clicking on text or image buttons
Last Updated: Jan 2, 2020
Quiz Scoreboard
CHALLENGE
Sign Up to Join the Scoreboard
Show All
Scores
Hide
Comments
May contain spoilers
Recently Published
College Basketball Coaching Resumes
by pancakes188
Sports
9m
Billboard Blitz: Fleetwood Mac
by CooCooCachoo
Music
15s
Presidents Visiting Landmarks
by Hejman
History
7m
More to Explore
Quiz From the Vault
Featured Blog Post
Where Did the Easter Bunny Come From?
hide this ad
You Might Also Like...
Tags
Clickable Quiz
College Quiz
NFL Quiz
2010
Started
team
Today's Top Quizzes in Sports
Browse Sports
hide this ad
Today's Top Quizzes in Clickable
Browse Clickable
Top Contributed Quizzes in Sports
1
2022 World Cup Stars
2
Les meilleurs buteurs des matchs entre le PSG et l’OM
3
FIFA Club World Cup Champions
4
Les entraîneurs de l'OM et du PSG au 21e siècle
5
Criteria MLB: Left Handed Sluggers
6
AFC Teams Reveal (Wrong Answers Minefield)
7
5-to-1: UK Sports Teams
8
5-to-1: FBS Animal Nicknames
9
2023 MLB Unique Player Accomplishments
10
Name the Premier League winners with different clubs
Explore More
Trending Topics
Kpop
Disney
Harry Potter
Anime
Crossword
Marvel
NBA
Soccer
Song
NFL
Pokémon
WWE
The Office
Puzzle
Country
hide this ad
More By:
commiesmasher
Quiz
Plays
Rating
Category
Featured
Created
NBA Teams' Last MVP
125,286
4.60
Sports
Feb 22, 2016
NFL Teams' Last MVP
92,089
4.52
Sports
Dec 29, 2015
NFL QB Playoff Wins (2010s)
61,778
4.73
Sports
Aug 19, 2015
NFL Playoff Coaches (2010s)
25,067
4.73
Sports
Jan 13, 2018
State Quiz: New Jersey
11,551
4.39
Geography
Mar 20, 2010
Go to Creator's Profile
Score Distribution
Quiz Creator Spotlight
commiesmasher
Follow
Send a Message
Quizzes Created
-
Created Quiz Play Count
-
More By This Creator
Popular Quizzes Today
1
Find the US States - No Outlines Minefield
2
Find the Countries of Europe - No Outlines Minefield
3
The Countries of the World
4
Find the US States
5
Risky Map Clicking: Biggest States A-Z
6
US States
7
Popular People in 1961
8
Movies - When Are They Set?
More Sports Quizzes
NCAA Tournament Teams (2010s)
Curator's Pick
Trending Quizzes
Risky Map Clicking: Least Populous States A-Z
1-10 Letter G Words
1-10 Letter F Words
Risky Map Clicking: Next State Alphabetically
Risky Map Clicking: Biggest States A-Z
Recently Updated
Leaping Animals
pecheneg
Reality TV Shows (A-Z)
bhenderson79
Rickey Henderson's Hall of Fame Teammates
pecheneg
Champions League XIs: Arsenal
pecheneg
Quick Pick: Celebrities in WWE's Hall of Fame
aduchscher
A-Z Keypad Blitz II
pecheneg
Multiple Oscar Actors
pecheneg
Mystery Phrase Blitz: Oscar 'Best Actors'
pecheneg
F. Scott Fitzgerald Novels
LTH
Pick 3 Villains
ddd62291
Trending Topics
Kpop
Crossword
NBA
Disney
Anime
Marvel
Harry Potter
Soccer
NFL
WWE
The Office
Pokémon
Puzzle
Country
Song
Your Account Isn't Verified!
In order to create a playlist on Sporcle, you need to verify the email address you used during registration. Go to your
Sporcle Settings
to finish the process.
Report this User
Report this user for behavior that violates our
Community Guidelines
.
Details:
Send Report
Go to the Sporcle.com Mobile Site →
Comments